[Event "BCF-chT2b 1314 (4NCL)"]
[Site "England"]
[Date "2014.01.12"]
[Round "4.82"]
[White "Eames, Robert"]
[Black "Richmond, Peter A"]
[Result "1-0"]
[WhiteElo "2195"]
[BlackElo "2198"]
[PlyCount "83"]
[EventDate "2013.11.16"]
[EventType "team-swiss"]
[EventRounds "11"]
[EventCountry "ENG"]
[SourceTitle "EXT 2015"]
[Source "ChessBase"]
[SourceDate "2014.11.20"]
[SourceVersion "1"]
[SourceVersionDate "2014.11.20"]
[SourceQuality "1"]
[WhiteTeam "Hackney"]
[BlackTeam "Brown Jack"]
[WhiteTeamCountry "ENG"]
[BlackTeamCountry "ENG"]

1. e4 g6 2. d4 Bg7 3. Nc3 c5 4. dxc5 Bxc3+ 5. bxc3 Qa5 6. Qd4 Nf6 7. Qb4 Nc6 8. Qxa5 Nxa5 9. Bd3 0-0 10. Nf3 Re8 11. e5 Nd5 12. 0-0 Nc6 13. c4 Nc7 14. Be3 a5 15. Rab1 Ne6 16. Rb5 Nc7 17. Rb6 Ne6 18. c3 Kg7 19. h4 h6 20. a4 Rf8 21. Re1 Rd8 22. h5 d6 23. cxd6 exd6 24. exd6 Rxd6 25. Be4 Rd8 26. hxg6 fxg6 27. Bd5 Re8 28. Nd4 Ncd8 29. Nxe6+ Nxe6 30. Bd4+ Kf7 31. Re3 Ra6 32. Rb1 Rd6 33. Rbe1 Bd7 34. Be5 Ra6 35. Bxb7 Rb6 36. Bd5 Bxa4 37. c5 Ra6 38. Rf3+ Kg8 39. Bd6 Bd7 40. Rf6 a4 41. c6 Bc8 42. Rexe6 1-0

[Event "BCF-chT2b 1314 (4NCL)"]
[Site "England"]
[Date "2013.11.17"]
[Round "2.84"]
[White "Navarro Cia, Miguel"]
[Black "Richmond, Peter A"]
[Result "1-0"]
[WhiteElo "2314"]
[BlackElo "2202"]
[PlyCount "29"]
[EventDate "2013.11.16"]
[EventType "team-swiss"]
[EventRounds "11"]
[EventCountry "ENG"]
[SourceTitle "CBM 157 Extra"]
[Source "ChessBase"]
[SourceDate "2013.12.19"]
[SourceVersion "1"]
[SourceVersionDate "2013.12.19"]
[SourceQuality "1"]
[WhiteTeam "Barbican Youth"]
[BlackTeam "Brown Jack"]
[WhiteTeamCountry "ENG"]
[BlackTeamCountry "ENG"]

1. e4 g6 2. d4 Bg7 3. Nf3 c5 4. dxc5 Qa5+ 5. c3 Qxc5 6. Na3 a6 7. Nc4 Nc6 8. Be3 Qh5 9. Be2 d6 10. Ng5 Qh6 11. Nb6 Rb8 12. Nxc8 Rxc8 13. Nxf7 Kxf7 14. Bxh6 Bxh6 15. Qb3+ 1-0

[Event "BCF-chT2b 1314 (4NCL)"]
[Site "England"]
[Date "2013.11.16"]
[Round "1.83"]
[White "Hansen, Hans Peter"]
[Black "Richmond, Peter A"]
[Result "1/2-1/2"]
[WhiteElo "2238"]
[BlackElo "2202"]
[PlyCount "21"]
[EventDate "2013.11.16"]
[EventType "team-swiss"]
[EventRounds "11"]
[EventCountry "ENG"]
[SourceTitle "CBM 157 Extra"]
[Source "ChessBase"]
[SourceDate "2013.12.19"]
[SourceVersion "1"]
[SourceVersionDate "2013.12.19"]
[SourceQuality "1"]
[WhiteTeam "BCM Dragons"]
[BlackTeam "Brown Jack"]
[WhiteTeamCountry "ENG"]
[BlackTeamCountry "ENG"]

1. c4 c6 2. g3 d5 3. Nf3 Nf6 4. Bg2 g6 5. d4 Bg7 6. Nc3 0-0 7. Qb3 dxc4 8. Qxc4 Be6 9. Qa4 Na6 10. 0-0 Qb6 11. Rd1 1/2-1/2

[Event "BCF-chT3 1213 (4NCL)"]
[Site "England"]
[Date "2013.05.06"]
[Round "11.96"]
[White "Compton, Alistair"]
[Black "Richmond, Peter A"]
[Result "1/2-1/2"]
[WhiteElo "2081"]
[BlackElo "2237"]
[PlyCount "103"]
[EventDate "2012.11.03"]
[EventType "team-swiss"]
[EventRounds "11"]
[EventCountry "ENG"]
[SourceTitle "EXT 2014"]
[Source "ChessBase"]
[SourceDate "2013.11.20"]
[SourceVersion "1"]
[SourceVersionDate "2013.11.20"]
[SourceQuality "1"]
[WhiteTeam "The Rookies"]
[BlackTeam "Brown Jack"]
[WhiteTeamCountry "ENG"]
[BlackTeamCountry "ENG"]

1. e4 g6 2. Nf3 Bg7 3. c3 d5 4. e5 c5 5. d4 Nc6 6. Bb5 Qb6 7. Bxc6+ bxc6 8. 0-0 Ba6 9. Re1 e6 10. b3 cxd4 11. cxd4 Bf8 12. Nc3 Bb4 13. Na4 Qa5 14. Bd2 Ne7 15. Rc1 Bxd2 16. Nxd2 Bb5 17. Nc3 Ba6 18. Nf3 h6 19. Na4 g5 20. Qc2 Rb8 21. Nc5 Bc8 22. h3 Nf5 23. a3 Qxa3 24. Ra1 Qb4 25. Ra4 Qb6 26. Rea1 a6 27. R1a3 0-0 28. Nh2 f6 29. Ng4 fxe5 30. dxe5 Kg7 31. Nf6 Rxf6 32. exf6+ Kxf6 33. Ra1 Qb5 34. Ra5 Qb4 35. R5a4 Qb5 36. Qc3+ e5 37. Re1 d4 38. Qc2 Nd6 39. Ne4+ Nxe4 40. Qxe4 Bf5 41. Qf3 Qxb3 42. Qxc6+ Qe6 43. Qc5 Rc8 44. Qa3 Rc6 45. g4 Bc2 46. Qf8+ Kg6 47. Rb4 Rc8 48. Qf3 d3 49. Qe4+ Kf6 50. Qf3+ Kg6 51. Qe4+ Kf6 52. Qf3+ 1/2-1/2

[Event "BCF-chT3 1011 (4NCL)"]
[Site "England"]
[Date "2010.11.06"]
[Round "1.32"]
[White "Simmons, Matthew"]
[Black "Richmond, Peter A"]
[Result "1/2-1/2"]
[WhiteElo "2071"]
[BlackElo "2252"]
[PlyCount "107"]
[EventDate "2010.11.06"]
[EventType "team-swiss"]
[EventRounds "9"]
[EventCountry "ENG"]
[SourceTitle "CBM 139 Extra"]
[Source "ChessBase"]
[SourceDate "2011.01.05"]
[SourceVersion "1"]
[SourceVersionDate "2011.01.05"]
[SourceQuality "1"]
[WhiteTeam "Channel Isolani"]
[BlackTeam "Brown Jack"]
[WhiteTeamCountry "ENG"]
[BlackTeamCountry "ENG"]

1. e4 c5 2. Nc3 e6 3. f4 Nc6 4. Nf3 a6 5. b3 d5 6. Bb2 Nf6 7. e5 Nd7 8. Be2 b5 9. 0-0 Bb7 10. Qe1 d4 11. Nd1 Nb4 12. Qg3 Nxc2 13. Rc1 Nb4 14. Ng5 Be7 15. Nxe6 Qb6 16. Qxg7 Qxe6 17. Qxh8+ Bf8 18. Bf3 Bxf3 19. Rxf3 Nxa2 20. Ra1 Nb4 21. Nf2 0-0-0 22. Qxh7 Nb6 23. Qh3 c4 24. Qxe6+ fxe6 25. g4 Kb7 26. g5 cxb3 27. Rxb3 Nc4 28. Ne4 a5 29. d3 Nxb2 30. Rxb2 Kb6 31. Rd2 Nd5 32. h4 a4 33. h5 Nxf4 34. Nf6 Nh3+ 35. Kf1 Nxg5 36. Rg2 Nf7 37. Rg8 Nxe5 38. Re1 Nc6 39. Rxe6 a3 40. Nd7+ Rxd7 41. Rxf8 b4 42. Rc8 Rc7 43. Ra8 Kb5 44. h6 Na7 45. Rg8 b3 46. Rb8+ Ka5 47. Rxb3 Ka4 48. Rb1 Nc6 49. Rg6 a2 50. Ra1 Nb4 51. Rg2 Kb3 52. Rh2 Rh7 53. Ke2 Nc2 54. Rxa2 1/2-1/2

[Event "BCF-chT2d 0910 (4NCL) Demotion pool"]
[Site "England"]
[Date "2010.05.02"]
[Round "10.1"]
[White "Hetey, Laszlo"]
[Black "Richmond, Peter A"]
[Result "1-0"]
[WhiteElo "2344"]
[BlackElo "2247"]
[PlyCount "95"]
[EventDate "2009.10.24"]
[EventType "team-tourn"]
[EventRounds "4"]
[EventCountry "ENG"]
[SourceTitle "EXT 2010"]
[Source "ChessBase"]
[SourceDate "2010.11.25"]
[SourceVersion "1"]
[SourceVersionDate "2010.11.25"]
[SourceQuality "1"]
[WhiteTeam "Celtic Tigers"]
[BlackTeam "Brown Jack"]
[WhiteTeamCountry "ENG"]
[BlackTeamCountry "ENG"]

1. d4 d5 2. Nf3 c6 3. c4 e6 4. Qc2 Nf6 5. e3 Nbd7 6. Nc3 Bd6 7. Bd3 0-0 8. 0-0 dxc4 9. Bxc4 e5 10. Rd1 Qe7 11. h3 h6 12. Nh4 Nb6 13. Ng6 Qc7 14. dxe5 Bxe5 15. Nxe5 Qxe5 16. Bd3 Be6 17. e4 Rad8 18. f4 Qc5+ 19. Qf2 Qxf2+ 20. Kxf2 Bc4 21. Bc2 Rxd1 22. Bxd1 Bd3 23. Bf3 Re8 24. e5 Nfd5 25. Nxd5 Nxd5 26. Be3 Nxe3 27. Kxe3 Bf5 28. g4 Bc8 29. Be4 Kf8 30. Rd1 Ke7 31. f5 f6 32. e6 c5 33. h4 Rd8 34. Rc1 b6 35. b4 Kd6 36. Rd1+ Ke7 37. Rc1 Kd6 38. bxc5+ bxc5 39. Rd1+ Kc7 40. Rc1 Kd6 41. Rc3 Re8 42. Rd3+ Kc7 43. Rd5 Re7 44. Rxc5+ Kd8 45. Kd4 Ba6 46. Bf3 Bc8 47. Rc3 Ba6 48. Kd5 1-0

[Event "BCF-chT2d 0910 (4NCL) Demotion pool"]
[Site "England"]
[Date "2010.05.01"]
[Round "9.2"]
[White "Almond, Richard"]
[Black "Richmond, Peter A"]
[Result "0-1"]
[WhiteElo "2151"]
[BlackElo "2247"]
[PlyCount "196"]
[EventDate "2009.10.24"]
[EventType "team-tourn"]
[EventRounds "4"]
[EventCountry "ENG"]
[SourceTitle "EXT 2010"]
[Source "ChessBase"]
[SourceDate "2010.11.25"]
[SourceVersion "1"]
[SourceVersionDate "2010.11.25"]
[SourceQuality "1"]
[WhiteTeam "FCA Solutions"]
[BlackTeam "Brown Jack"]
[WhiteTeamCountry "ENG"]
[BlackTeamCountry "ENG"]

1. d4 d5 2. c4 c6 3. Nf3 e6 4. e3 Nf6 5. Nc3 Nbd7 6. Qc2 Bd6 7. b3 0-0 8. Be2 dxc4 9. bxc4 e5 10. 0-0 Qe7 11. Bb2 Re8 12. a4 h6 13. Qb3 e4 14. Nd2 c5 15. Nd1 Nf8 16. f4 cxd4 17. Bxd4 Bc5 18. Bxc5 Qxc5 19. Qb5 Qd6 20. Nb3 Bg4 21. Bxg4 Nxg4 22. h3 Nf6 23. Nf2 Rac8 24. Rfd1 Qe7 25. Rac1 a6 26. Qb6 Qa3 27. Ra1 Qe7 28. Rac1 N8d7 29. Qd6 Qd8 30. Rd4 Rc6 31. Qb4 Qb6 32. Qxb6 Rxb6 33. Rc3 Rb4 34. c5 Rxd4 35. Nxd4 Nd5 36. Rc1 Nxe3 37. Re1 Nd5 38. Rxe4 Rxe4 39. Nxe4 Nxf4 40. c6 bxc6 41. Nxc6 Nd5 42. Kf2 f5 43. Nd6 g6 44. Nd4 Kg7 45. g3 Kf6 46. Nc4 Ne5 47. Nd2 Nd3+ 48. Kf3 Nc5 49. a5 Ke5 50. Nc2 Ne7 51. Ke3 Nc6 52. Nc4+ Kd5 53. Nb6+ Ke6 54. Nc4 Nb3 55. g4 fxg4 56. hxg4 Nbxa5 57. Nb6 Nb7 58. Na4 Ke5 59. Ne1 a5 60. Nd3+ Kf6 61. Kf4 Nbd8 62. Nc3 Ne6+ 63. Kg3 Nb4 64. Ne4+ Kg7 65. Nb2 Nd5 66. Na4 Nd4 67. Nd6 Kf6 68. Nc4 Nc6 69. Kf2 Kg5 70. Kg3 Nf6 71. Ne3 Ne4+ 72. Kf3 Nd6 73. Kg3 Ne5 74. Nc5 Kf6 75. Nd5+ Kf7 76. Kf4 Nc6 77. Nc3 g5+ 78. Kg3 Kf6 79. Nd3 Nc4 80. Na4 Ke6 81. Nc3 Nb6 82. Nb2 Ke5 83. Kf3 Nd4+ 84. Kg3 Nb3 85. Nb5 a4 86. Nd3+ Ke4 87. Nb2 Nc5 88. Nxa4 Nbxa4 89. Nd6+ Ke5 90. Nf7+ Kf6 91. Nxh6 Ne4+ 92. Kf3 Nd6 93. Ng8+ Kf7 94. Nh6+ Kg7 95. Nf5+ Nxf5 96. gxf5 Kf6 97. Kg4 Nb6 98. Kg3 Kxf5 0-1

[Event "BCF-chT2a 0910 (4NCL)"]
[Site "England"]
[Date "2010.02.21"]
[Round "6.1"]
[White "Webb, Richard M"]
[Black "Richmond, Peter A"]
[Result "1/2-1/2"]
[WhiteElo "2260"]
[BlackElo "2247"]
[PlyCount "23"]
[EventDate "2009.10.24"]
[EventType "team-tourn"]
[EventRounds "7"]
[EventCountry "ENG"]
[SourceTitle "EXT 2010"]
[Source "ChessBase"]
[SourceDate "2010.11.25"]
[SourceVersion "1"]
[SourceVersionDate "2010.11.25"]
[SourceQuality "1"]
[WhiteTeam "AMCA Dragons"]
[BlackTeam "Brown Jack"]
[WhiteTeamCountry "ENG"]
[BlackTeamCountry "ENG"]

1. e4 e5 2. Nf3 Nc6 3. Bb5 a6 4. Bxc6 dxc6 5. 0-0 Bd6 6. d4 exd4 7. Qxd4 f6 8. Be3 Ne7 9. Nbd2 Be6 10. Qc3 Ng6 11. Nc4 Bxc4 12. Qxc4 1/2-1/2